00655nam a2200241 a 4500001001300000003000900013005001700022008004100039020001000080082001300090100001500103245002200118260005100140300000900191500003500200505002400235650001600259700001500275902000800290942000700298952009300305999001500398nice12345678IN_TiNIC20260116012037.0050524s1930 lona grp 000 0 eng  ac10000a239bHEI aHeim, Karl aNew Divine Order. aLondonbStudent Christian Movement Pressc1930 a124p aincludes index and biblioraphy2 aBibliography, Index aApologetics1 aHeim, Karl bSRS cBK 00104070aHMIbHMId2007-06-21g100.00l0o239 HEIp5665r2007-06-21w2026-01-16yARB c5404d5404